| 000 | 00677nam a2200229 a 4500 | ||
|---|---|---|---|
| 001 | BRCA_7737 | ||
| 005 | 20190320205953.0 | ||
| 008 | 060913m19511957u--a######---#000-0#eng-# | ||
| 041 | _aeng | ||
| 044 | _au | ||
| 050 | 4 |
_aN527 _b.A56 1951 |
|
| 245 | 1 | 0 | _aThe annual report of the Fogg Art Museum. |
| 260 |
_aCambridge, Massachussetts _bHarvard University _c1957 |
||
| 300 |
_a95 p. _bil. _c21 cm. |
||
| 500 | _aLa biblioteca cuenta con 1951/1952 y 1956/1957 | ||
| 500 | _aVer también I147 | ||
| 500 | _aU86 | ||
| 610 | 2 | 4 |
_aHarvard University _bWilliam Hayes Fogg Art Museum _99285 |
| 650 | 1 | 4 |
_aGalerías y museos _zEstados Unidos _97437 |
| 902 | _aGFM | ||
| 942 |
_2lcc _cB |
||
| 999 |
_c7411 _d7411 |
||